Past 10 NBA Champions - Statistics

General Stats
  • This quiz has been taken 2,026 times
  • The average score is 9 of 10
Answer Stats
Answer % Correct
Lakers
97%
Lakers
97%
Heat
95%
Heat
94%
Celtics
93%
Spurs
92%
Spurs
92%
Spurs
91%
Mavericks
85%
Pistons
85%
No matching quizzes found
Score Distribution
Percent of People with Each Score
Percentile by Number Answered
Your Score History
You have not taken this quiz